ბათუმის შოთა რუსთაველის სახელმწიფო უნივერსიტეტის ბიბლიოთეკა

კოლუმბამდელი ამერიკის არქეოლოგია / (ბიბ.ჩანაწერი № 55600)

000 -ლიდერი
ფიქსირებული სიგრძის საკონტროლო ველი 01197nam a2200253Ia 4500
001 - საკონტროლო ნომერი
საკონტროლო ველი 22695
003 - საკონტროლო ნომრის იდენტიფიკატორი
საკონტროლო ველი GE_BSU
005 - ბოლო ოპერაციის თარიღი და დრო
საკონტროლო ველი 20230418145839.0
008 - ფიქსირებული სიგრძის მონაცემთა ელემენტები - ზოგადი ინფორმაცია
ფიქსირებული სიგრძის საკონტროლო ველი 181216s2017ge xx |||||||||||||| ||geo||
020 ## - წიგნის საერთაშორისო სტანდარტული ნომერი
International Standard Book Number 9789941465895
040 ## - კატალოგიზაციის წყარო
Transcribing agency GE_BSU
041 ## - ენის კოდი
Language code of text/sound track or separate title geo
080 ## - უნივერსალური ათობითი კლასიფიკაციის ინდექსი
Universal Decimal Classification number 902.2(399.7) შ-22
100 ## - მთავარი ჩანაწერი - პიროვნების სახელი
Personal name შანშაშვილი, ნინო.
9 (RLIN) 12216
245 ## - ცნობა სათაურის შესახებ
Title კოლუმბამდელი ამერიკის არქეოლოგია /
Statement of responsibility, etc ნინო შანშაშვილი
264 ## - წარმოების, გამოცემის, დისტრიბუციის და სხვა ცნობები
გამოცემის, წარმოების, დისტრიბუციის... ადგილი თბილისი :
გამოცემის, წარმოების, დისტრიბუციის... სახელწოდება მწიგნობარი,
გამოცემის, წარმოების, დისტრიბუციის... თარიღი 2017.
300 ## - ფიზიკური აღწერა
Extent 232 გვ.,
Other physical details [4] ჩართ. ფ. : სურ., ტაბ. ;
Dimensions 24 სმ.
501 ## - შენიშვნა თანმხლებ მასალაზე
With note საძიებელი: გვ. 170-180.
504 ## - BIBLIOGRAPHY, ETC. NOTE
Bibliography, etc ბიბლიოგრ.: გვ. 169
653 ## - INDEX TERM--UNCONTROLLED
Uncontrolled term არქეოლოგია წინაისტორია,არქეოლოგიური ძეგლები.
653 ## - INDEX TERM--UNCONTROLLED
Uncontrolled term კოლუმბამდელი ამერიკის არქეოლოგია
653 ## - INDEX TERM--UNCONTROLLED
Uncontrolled term ძველი ამერიკის კულტურული მემკვიდრეობა.
942 ## - ADDED ENTRY ELEMENTS (KOHA)
Koha item type წიგნი
Source of classification or shelving scheme
ეგზემპლარები
ჩამოწერის სტატუსი დაკარგული ეგზემპლარის სტატუსი კლასიფიკაციის წყარო ან თაროზე გაწყობის სქემა დაზიანების სტატუსი არ გაიცემა მუდმივი მდებარეობა (დაცვის ადგილი) ამჟამინდელი ადგილსამყოფელი თაროზე განთავსების ადგილი შეძენის თარიღი ღირებულება, შესყიდვის ნორმალური ფასი სრული შენახვის შიფრი შტრიხკოდი ბოლო ოპერაციის თარიღი ეგზემპლარის მიმდევრობითი ნომერი (კეტერი?) ფასის ძალაში შესვლის თარიღი ეგზემპლარის სახეობა საჯარო შენიშვნა Uniform Resource Identifier
          ბათუმის შოთა რუსთაველის სახელმწიფო უნივერსიტეტის მთავარი ბიბლიოთეკა ბათუმის შოთა რუსთაველის სახელმწიფო უნივერსიტეტის მთავარი ბიბლიოთეკა წიგნსაცავი 2018-12-17 10.00 902.2(399.7) შ-22 58103 2018-12-17 58103 2018-12-17 წიგნი 10.00  
          ბათუმის შოთა რუსთაველის სახელმწიფო უნივერსიტეტის მთავარი ბიბლიოთეკა ბათუმის შოთა რუსთაველის სახელმწიფო უნივერსიტეტის მთავარი ბიბლიოთეკა წიგნსაცავი 2023-04-18 10.00 902.2(399.7) შ-22 64279 2023-04-18 64279 2023-04-18 წიგნი 10.00 ბსუ-ს საპატიო დოქტორის გურამ ლორთქიფანიძის საჩუქარი